000 00938nam a2200265 a 4500
001 32183
003 BD-RjUL
005 20211209051811.0
008 140424s1985 ii abf b 001 0 eng d
035 _a(BD-RjUL)32272
040 _aDLC
_cDLC
_dDLC
_dBD-RjUL
_beng
041 _aeng
082 0 0 _a294.0934
_219
_bCHR 1985
100 1 _aChatterjee, Rama.
_997947
245 1 0 _aReligion in Bengal :
_bduring the Pala and Sena times : mainly on the basis of epigraphic and archaeological sources /
_cRama Chatterjee.
260 _aCalcutta :
_bPunthi Pustak,
_c1985.
300 _axiv, 453 p., [7] leaves of plates :
_bill., map ;
_c22 cm.
500 _aOriginally presented as the author's thesis (D. Phil.--Calcutta University, 1969)
500 _aIncludes index.
504 _aBibliography: p. [382]-395.
651 0 _aBengal (India)
_xReligion.
_923288
942 _2ddc
_cBK
999 _c32183
_d32183